| 000 -CABECERA |
| Longitud fija campo de control |
00723nam a22001817a 4500 |
| 003 - IDENTIFICADOR DEL NÚMERO DE CONTROL |
| Identificador del número de control |
OSt |
| 005 - FECHA Y HORA DE LA ÚLTIMA TRANSACCIÓN |
| Fecha y hora de la última transacción |
20130516193148.0 |
| 008 - CÓDIGOS DE INFORMACIÓN DE LONGITUD FIJA |
| Códigos de información de longitud fija |
130516s2007 xxu||||| |||| 00| 0 spa d |
| 040 ## - FUENTE DE LA CATALOGACIÓN |
| Centro transcriptor |
CDMR |
| 111 2# - PUNTO DE ACCESO PRINCIPAL-NOMBRE DE CONGRESO |
| 9 (RLIN) |
3444 |
| Nombre de congreso o jurisdicción como elemento de entrada |
Convención de Periodistas de España |
| Sede del congreso |
Lugo |
| Fecha del congreso |
2007 |
| Número del congreso o número de parte o sección de la obra |
5è |
| 245 10 - MENCIÓN DE TÍTULO |
| Título |
V Convención de Periodistas de España |
| Resto del título |
: Lugo, 4, 5 y 6 de mayo de 2007: libro de ponencias |
| Mención de responsabilidad, etc. |
Foro de Organizaciones de Periodistas |
| 260 ## - PUBLICACIÓN, DISTRIBUCIÓN, ETC. (PIE DE IMPRENTA) |
| Lugar de publicación, distribución, etc. |
[s.n] |
| Nombre del editor, distribuidor, etc. |
Foro de organizaciones de Periodistas |
| Fecha de publicación, distribución, etc. |
[2007?] |
| 300 ## - DESCRIPCIÓN FÍSICA |
| Extensión |
117 p. |
| 500 ## - NOTA GENERAL |
| Nota general |
A la coberta: Viejos y nuevos medios: la necesaria mediación del periodista |
| 650 04 - PUNTO DE ACCESO ADICIONAL DE MATERIA - TÉRMINO DE MATERIA |
| 9 (RLIN) |
3445 |
| Término de materia o nombre geográfico como elemento inicial |
Periodisme |
| Subdivisión geográfica |
Espanya |
| Subdivisión de materia general |
Congressos |
| 710 2# - PUNTO DE ACCESO ADICIONAL - NOMBRE DE ENTIDAD |
| 9 (RLIN) |
1199 |
| Nombre de entidad o nombre de jurisdicción como elemento inicial |
Foro de Organizaciones de Periodistas |
| 942 ## - ENTRADA DE ELEMENTOS AGREGADOS (KOHA) |
| Fuente de clasificaión o esquema |
|
| Koha [por defecto] tipo de item |
Monografies |